Jamaica : 2014 article IV consultation and fourth review under the extended fund facility and request for modification of performance criteria-staff report; press release; and statement by the executive director for Jamaica.

Bibliographic Details
Format: eBook
Language:English
Published: Washington, District of Columbia : International Monetary Fund, 2014.
Series:IMF Country Reports ; 14/169
Subjects:
Online Access:Click to View
LEADER 02157nam a2200433 i 4500
001 EBC1760088
003 MiAaPQ
005 20200520144314.0
006 m o d |
007 cr cnu||||||||
008 140815t20142014dcuad o 000 0 eng d
020 |z 9781498324946 
020 |a 9781498355247  |q (electronic bk.) 
035 |a (MiAaPQ)EBC1760088 
035 |a (Au-PeEL)EBL1760088 
035 |a (CaPaEBR)ebr10904707 
035 |a (CaONFJC)MIL634073 
035 |a (OCoLC)886115004 
040 |a MiAaPQ  |b eng  |e rda  |e pn  |c MiAaPQ  |d MiAaPQ 
043 |a nwjm--- 
050 4 |a HD75  |b .J363 2014 
082 0 |a 338.9  |2 23 
245 0 0 |a Jamaica :  |b 2014 article IV consultation and fourth review under the extended fund facility and request for modification of performance criteria-staff report; press release; and statement by the executive director for Jamaica. 
264 1 |a Washington, District of Columbia :  |b International Monetary Fund,  |c 2014. 
264 4 |c 2014 
300 |a 1 online resource (123 pages) :  |b illustrations, charts, graphs, tables. 
336 |a text  |2 rdacontent 
337 |a computer  |2 rdamedia 
338 |a online resource  |2 rdacarrier 
490 0 |a IMF Country Reports ;  |v 14/169 
588 |a Description based on online resource; title from PDF cover (ebrary, viewed August 14, 2014). 
590 |a Electronic reproduction. Ann Arbor, MI : ProQuest, 2015. Available via World Wide Web. Access may be limited to ProQuest affiliated libraries. 
650 0 |a Economic indicators  |z Jamaica. 
650 0 |a Fiscal policy  |z Jamaica. 
650 0 |a Economic development  |z Jamaica. 
655 4 |a Electronic books. 
776 0 8 |i Print version:  |t Jamaica : 2014 article IV consultation and fourth review under the extended fund facility and request for modification of performance criteria-staff report; press release; and statement by the executive director for Jamaica.  |d Washington, District of Columbia : International Monetary Fund, c2014   |h 96 pages   |k IMF Country Reports ; 14/169   |z 9781498324946 
797 2 |a ProQuest (Firm) 
856 4 0 |u https://ebookcentral.proquest.com/lib/matrademy/detail.action?docID=1760088  |z Click to View